Guess That Skyscraper Picture Quiz - Statistics

General Stats
  • This quiz has been taken 128 times
  • The average score is 9 of 12
Answer Stats
Picture Answer % Correct
Burj Khalifa
95%
Eiffel Tower
95%
Empire State Building
95%
Petronas Towers
86%
One World Trade Center
79%
The Shard
78%
Willis Tower
76%
CN Tower
72%
Space Needle
64%
Shanghai Tower
56%
Washington Monument
56%
Lotte World Tower
22%
No matching quizzes found
Score Distribution
Percent of People with Each Score
Percentile by Number Answered
Your Score History
You have not taken this quiz